00226nam a2200097Ia 4500008004100000100000900041245002700050260002700077942000700104999001700111190216s9999||||xx |||||||||||||| ||und|| aNull 0aHindi-Pravasi Sathr Ki bSri Lekha Publications cBK c18175d18175